000 00301nam a2200109Ia 4500
001 587447
005 20250717113816.0
008 250717s9999 xx 000 0 und d
245 0 _aX-6 YENİ BAŞLAYANLAR İÇİN PERİYODİK TABLO
_cGILL ARBUTHNOTT
260 _bTÜBİTAK YAYINLARI
_c2020
300 _b18
999 _c587447
_d587447